000 00327nam a22001097a 4500
008 230731b xxu||||| |||| 00| 0 eng d
082 _26
_a362.1
_bOKE 2001
245 _aAIDS in Kenya
_bBackground, Projections, Impact,Interventions and Policy
260 _aKenya
_bMinistry of Health
_c2001
300 _aviii,52p
942 _2ddc
_cBK
999 _c3997
_d3997